00585 2200181 4500001002100000008004100021035002000062245008900082100003400171260007900205300002100284020002200305084001600327082000800343650002400351990001400375990001400389INLIS000000000000787 ind  a0010-0126000081 aFisika SMA/MA Kelas XIcMarianna Magdalena Radjawane; Alvius Tinambunan; Suntar Jono aRadjawane, Marianna Magdalena aJakarta :bKementerian Pendidikan,, Kebudayaan, Riset, dan Teknologic2022 a234 hlm.c25 cm. a978-623-472-721-0 a530 RAD f-1 a530 aPendidikan - Fisika a000001384 a000001385